000 00796nam a2200205Ia 4500
999 _c39432
_d39432
001 6023
003 GE_BSU
005 20190902134026.0
008 181216s1971||||ge |||||||||||||| ||geo||
040 _cGE_BSU
041 _ageo
080 _a821.353.1-94 ა-23
100 _aაგიაშვილი, ნ.
_93858
245 _aჭაბუკები დარჩნენ მარად /
_cნ. აგიაშვილი ; რედ. მ. მთვრალიშვილი.
264 _aთბილისი :
_bნაკადული ;
_c1971.
300 _a342 გვ. ;
_c20 სმ.
653 _aჭაბუკები დარჩნენ მარად
700 _aმთვრალიშვილი, მ.
_eრედაქტორი
_93859
942 _cBK
_2udc